000 00269nam a2200109Ia 4500
008 220204s9999 xx 000 0 und d
082 _a065
_bSOU
100 _aSouder, W E
245 0 _aManagement decision methods
260 _aNew York
_bVan Nostrand
_c1980
942 _cBK
999 _c35562
_d35562